Govt. of
Madhya Pradesh

Iconography of Sakti (Record no. 38293)

MARC details
000 -LEADER
fixed length control field 004770000a22001810004500
003 - CONTROL NUMBER IDENTIFIER
control field MACL
005 - DATE AND TIME OF LATEST TRANSACTION
control field 20151229165924.0
008 - FIXED-LENGTH DATA ELEMENTS--GENERAL INFORMATION
fixed length control field 151229b xxu||||| |||| 00| 0 eng d
040 ## - CATALOGING SOURCE
Original cataloging agency MACL
Transcribing agency MACL
041 ## - LANGUAGE CODE
Language code of text/sound track or separate title English
082 ## - DEWEY DECIMAL CLASSIFICATION NUMBER
Classification number 244.5514/
100 ## - MAIN ENTRY--PERSONAL NAME
Personal name Srivastava, Balram
9 (RLIN) 15168
245 ## - TITLE STATEMENT
Title Iconography of Sakti
Remainder of title A Study Based on Sritattvanidhi
260 ## - PUBLICATION, DISTRIBUTION, ETC. (IMPRINT)
Name of publisher, distributor, etc. Chaukhambha Orientalia
Date of publication, distribution, etc. 1978
350 ## - PRICE (NR) (BK AM CF MU VM SE) [OBSOLETE]
Price 80
650 ## - SUBJECT ADDED ENTRY--TOPICAL TERM
Topical term or geographic name as entry element Religion
9 (RLIN) 24336
942 ## - ADDED ENTRY ELEMENTS (KOHA)
Koha item type Books
Call number prefix 244.5514/SRI
Source of classification or shelving scheme
Holdings
Withdrawn status Lost status Source of classification or shelving scheme Damaged status Not for loan Home library Current library Date acquired Cost, normal purchase price Total Checkouts Full call number Barcode Date last seen Uniform Resource Identifier Price effective from Koha item type
          MACL MACL 29/12/2015 80.00   244.5514/SRI CLE016478 29/04/2015 38515 15/04/2015 Books